<?xml version="1.0" encoding="UTF-8"?><?xml-stylesheet type="text/xsl" href="static/style.xsl"?><OAI-PMH xmlns="http://www.openarchives.org/OAI/2.0/" xmlns:xsi="http://www.w3.org/2001/XMLSchema-instance" xsi:schemaLocation="http://www.openarchives.org/OAI/2.0/ http://www.openarchives.org/OAI/2.0/OAI-PMH.xsd"><responseDate>2026-06-01T01:04:11Z</responseDate><request verb="GetRecord" identifier="oai:riuma.uma.es:10630/14652" metadataPrefix="marc">https://riuma.uma.es/rest/oai/request</request><GetRecord><record><header><identifier>oai:riuma.uma.es:10630/14652</identifier><datestamp>2026-02-03T12:16:54Z</datestamp><setSpec>com_10630_2254</setSpec><setSpec>col_10630_37959</setSpec></header><metadata><record xmlns="http://www.loc.gov/MARC21/slim" xmlns:dcterms="http://purl.org/dc/terms/" xmlns:doc="http://www.lyncode.com/xoai" xmlns:xsi="http://www.w3.org/2001/XMLSchema-instance" xsi:schemaLocation="http://www.loc.gov/MARC21/slim http://www.loc.gov/standards/marcxml/schema/MARC21slim.xsd">
   <leader>00925njm 22002777a 4500</leader>
   <datafield ind2=" " ind1=" " tag="042">
      <subfield code="a">dc</subfield>
   </datafield>
   <datafield ind2=" " ind1=" " tag="720">
      <subfield code="a">Pérez-Colodrero, Rosario Mercedes</subfield>
      <subfield code="e">author</subfield>
   </datafield>
   <datafield ind2=" " ind1=" " tag="720">
      <subfield code="a">Cabeza-Díaz, Aurelio</subfield>
      <subfield code="e">author</subfield>
   </datafield>
   <datafield ind2=" " ind1=" " tag="720">
      <subfield code="a">Salcedo, Inés R.</subfield>
      <subfield code="e">author</subfield>
   </datafield>
   <datafield ind2=" " ind1=" " tag="720">
      <subfield code="a">Bazaga-García, Montse</subfield>
      <subfield code="e">author</subfield>
   </datafield>
   <datafield ind2=" " ind1=" " tag="720">
      <subfield code="a">Olivera-Pastor, Pascual</subfield>
      <subfield code="e">author</subfield>
   </datafield>
   <datafield ind2=" " ind1=" " tag="260">
      <subfield code="c">2017-10-17</subfield>
   </datafield>
   <datafield ind2=" " ind1=" " tag="520">
      <subfield code="a">Metal phosphonates are multifunctional solids which possess tunable properties, such as&#xd;
H-bond networks, while exhibiting high chemical and thermal stability. Depending on the protonation of the ligand, different crystalline phases can be obtained.&#xd;
Here, we report three different families of proton conductors based on lanthanide nitrilotrismethylphosphonates.&#xd;
Compounds having cationic layers compensate by chloride or sulfate&#xd;
anions were isolated: [Ln(H4NMP)(H2O)2]Cl·2H2O and Ln(H5NMP)]·SO4·4H2O [H6NMP =&#xd;
nitrilotris(methylphosphonic acid)]. The crystal structure of Gd-(H5NMP)]·SO4·4H2O was&#xd;
solved ab initio from synchrotron powder diffraction data (λ=0.4124 Å, beamline BL04-MSPD ALBA) and refined by the Rietveld method. Chloride containing phases show two irreversible solid state transformations take place: (1) a crystalline-to-crystalline phase transition, {Ln-H4NMP → [Ln2(H3NMP)2(H2O)4]·4.5H2O for Ln= La, Pr}, and (2) crystalline-to-amorphous&#xd;
phase transition, {LnH4NMP → [Ln(H3NMP)]·1.5H2O for Ln= Gd - Ho}, both implies the loss&#xd;
of HCl and structural rearrangements of the frameworks. Variations in average and local&#xd;
structure have been monitored by high resolution powder diffraction and PDF analysis, upon exposure the samples at high relative humidity and temperature (95% RH and 80 ºC), in order to understand their behavior as proton conductors.</subfield>
   </datafield>
   <datafield ind1="8" ind2=" " tag="024">
      <subfield code="a">http://hdl.handle.net/10630/14652</subfield>
   </datafield>
   <datafield tag="653" ind2=" " ind1=" ">
      <subfield code="a">Conductividad eléctrica</subfield>
   </datafield>
   <datafield ind2="0" ind1="0" tag="245">
      <subfield code="a">PXRD and PDF analysis of multifunctional lanthanide nitrilotris-methylphosphonate-based proton conductors</subfield>
   </datafield>
</record>
</metadata></record></GetRecord></OAI-PMH>